El riesgo ambiental y su regulación (Record no. 132323)

MARC details
000 -LEADER
fixed length control field 00985cam a2200241 4500
005 - DATE AND TIME OF LATEST TRANSACTION
control field 20250909121708.0
008 - FIXED-LENGTH DATA ELEMENTS--GENERAL INFORMATION
fixed length control field 250716b ag |||||||| |||| 00| 0 spa d
020 ## - INTERNATIONAL STANDARD BOOK NUMBER
International Standard Book Number 9502011430
050 04 - LIBRARY OF CONGRESS CALL NUMBER
Classification number KZD3600
Item number M38 1998
100 1# - MAIN ENTRY--PERSONAL NAME
Personal name Maureen Williams, Silvia
245 #3 - TITLE STATEMENT
Title El riesgo ambiental y su regulación
Remainder of title : derecho internacional comparado : residuos especiales, protección de la capa de ozono
Statement of responsibility, etc / Silvia Maureen Williams ; prólogo Slynn of Hadley
250 ## - EDITION STATEMENT
Edition statement 1a ed.
260 ## - PUBLICATION, DISTRIBUTION, ETC. (IMPRINT)
Place of publication, distribution, etc Buenos Aires :
Name of publisher, distributor, etc Abeledo-Perrot,
Date of publication, distribution, etc 1998
300 ## - PHYSICAL DESCRIPTION
Extent 335 p. ;
Dimensions 23 cm.
504 ## - BIBLIOGRAPHY, ETC. NOTE
Bibliography, etc Bibliografía : p. 323-330 e indice
650 #4 - SUBJECT ADDED ENTRY--TOPICAL TERM
Source of heading or term lemb
Topical term or geographic name as entry element Espacio
General subdivision Contaminación
-- Legislación
650 #4 - SUBJECT ADDED ENTRY--TOPICAL TERM
Topical term or geographic name as entry element Basura espacial -- Leyes y legislación
650 #4 - SUBJECT ADDED ENTRY--TOPICAL TERM
Topical term or geographic name as entry element Reduccion de la capa de ozono
General subdivision Legislación
651 #7 - SUBJECT ADDED ENTRY--GEOGRAPHIC NAME
Source of heading or term lemb
Geographic name Responsabilidad del Estado (Derecho internacional)
651 #7 - SUBJECT ADDED ENTRY--GEOGRAPHIC NAME
Source of heading or term lemb
Geographic name Derecho internacional
General subdivision Control ambiental
700 1# - ADDED ENTRY--PERSONAL NAME
Personal name Slynn of Hadley,
Relator term prólogo
942 ## - ADDED ENTRY ELEMENTS (KOHA)
Source of classification or shelving scheme Biblioteca del Cogreso de los Estados Unidos
Koha item type Libro
Holdings
Estado de pérdida Fuente de clasificación Estado del daño No para préstamo Ubicación permanente Ubicación actual Apartado o colección Fecha de adquisición Edición Área del conocimiento Clasificación Código de Barras Date last seen Número de copia Costo por reposición Tipo de recurso
  Biblioteca del Cogreso de los Estados Unidos     Biblioteca de la Facultad de Derecho y Ciencias Sociales "Felipe J. Tena" Biblioteca de la Facultad de Derecho y Ciencias Sociales "Felipe J. Tena" General 08/11/2019 1a ed. Ciencias Sociales y Administrativas KZD3600 M38 1998 BFD000011825 08/11/2019 1 1.00 Libro